Statistics for Which country has the largest population?

Click here to take the quiz!

General Stats

  • This quiz has been taken 40 times
  • The average score is 8 of 22

Answer Stats

QuestionAnswer% Correct
Pick the most populated country.China
82%
Pick the most populated country.Central African Republic
57%
Pick the most populated country.Peru
57%
Pick the most populated country.Nigeria
54%
Pick the most populated country.Algeria
50%
Pick the most populated country.Singapore
46%
Pick the most populated country.South Africa
46%
Pick the most populated country.The Netherlands
46%
Pick the most populated country.Dominican Republic
43%
Pick the most populated country.Iran
43%
Pick the most populated country.Ethiopia
39%
Pick the most populated country.Kenya
36%
Pick the most populated country.Cape Verde
32%
Pick the most populated country.North Korea
29%
Pick the most populated country.Trinidad and Tobago
25%
Pick the most populated country.Burundi
21%
Pick the most populated country.El Salvador
21%
Pick the most populated country.Poland
21%
Pick the most populated country.Ivory Coast
14%
Pick the most populated country.Pakistan
14%
Pick the most populated country.Czech Republic
7%
Pick the most populated country.Rwanda
7%

Score Distribution

Percentile by Number Answered

Percent of People with Each Score

Your Score History

You have not taken this quiz